[Event "SLO-chT3 West"]
[Site "Komenda"]
[Date "2018.12.08"]
[Round "2.3"]
[White "Ustar, Jure"]
[Black "Skomina, Tej"]
[Result "1-0"]
[WhiteElo "1762"]
[BlackElo "1071"]
[PlyCount "89"]
[EventDate "2018.12.07"]
[EventType "team-tourn"]
[EventRounds "5"]
[EventCountry "SLO"]
[SourceTitle "EXT 2020"]
[Source "ChessBase"]
[SourceDate "2019.10.17"]
[SourceVersion "1"]
[SourceVersionDate "2019.10.17"]
[SourceQuality "1"]
[WhiteTeam "Domzale Tajfun"]
[BlackTeam "Ajdovscina Caven"]
[WhiteTeamCountry "SLO"]
[BlackTeamCountry "SLO"]

1. d4 d5 2. e3 Bf5 3. b3 e6 4. a3 Nf6 5. Be2 Bd6 6. Bb2 0-0 7. Nd2 b6 8. Ngf3 c5 9. 0-0 a6 10. h3 Nc6 11. c4 Re8 12. Ne5 Bxe5 13. dxe5 Nd7 14. Nf3 Qc7 15. cxd5 Ncxe5 16. Nxe5 Nxe5 17. d6 Qd7 18. Bxe5 b5 19. Bg4 Rad8 20. Bf3 f6 21. Bg3 e5 22. Qd5+ Be6 23. Qxc5 Bxb3 24. Bc6 Qxd6 25. Qxd6 Rxd6 26. Bxe8 g6 27. Bxb5 axb5 28. Rab1 Ba4 29. f4 exf4 30. Bxf4 Rd3 31. Ra1 Kg7 32. Rf3 Rd7 33. e4 g5 34. Bg3 Re7 35. Re3 Kg6 36. Bd6 Re6 37. Bb4 Bc2 38. Rae1 Ba4 39. e5 Kh5 40. exf6 Rxf6 41. Re6 Rf7 42. Kh2 h6 43. Rg1 Rh7 44. g4+ Kh4 45. Be1# 1-0